000 00250nam a2200109Ia 4500
005 20251222141923.0
008 251222s9999||||xx |||||||||||||| ||spa||
082 _a285.1/P26
245 0 _aCristo:
264 _bPastoral de Comunicaciones
942 _cLIB
999 _c8787
_d8787